Представление документа в формате RUSMARC

ПолеНазваниеЗначение
  Тип записи a
  Библиографический уровень c
001 Контрольный номер RU/SLIB/B/208771709
005 Дата корректировки 20201206204305.1
010 Индекс ISBN __
d Цена 2-20
101 Язык документа 0_
a Язык текста rus
200 Заглавие и сведения об ответственности 1_
a Заглавие Русский рассказ начала XX века
f Первые сведения об ответственности сост. А. Г. Соколова
b Общее обозначение материала Текст
210 Выходные данные __
a Место издания М.
c Издательство Изд-во Моск. ун-та
d Дата издания 1983
215 Физическое описание __
a Объем 336 с.
327 Примечание о содержании __
a Примечание о содержании Товарищ / М. Горький
606 Тематические рубрики __
a Основная рубрика Художественная литература
z Хронологическая подрубрика 20 в. нач.
y Географическая подрубрика Россия
606 Тематические рубрики __
a Основная рубрика Русская литература XX в. (произведения)
610 Ключевые слова __
a Ключевые слова проза; прозаики; писатели; рассказы; богатство; бедность; социальные контрасты; тема Родины; справедливость; сатира; сатирические; рассказы
686 Индексы других классификаций __
a Классификационный индекс 84(2Рос=Рус)1-4; ст84(2Рос=Рус)1-4
702 Вторичная интеллектуальная ответственность _1
a Фамилия Соколов
b Имя А. Г.
4 Код отношения Составитель
4 Код отношения 220
702 Вторичная интеллектуальная ответственность _1
a Фамилия Бунин
b Имя И. А.
4 Код отношения Автор
4 Код отношения 070
702 Вторичная интеллектуальная ответственность _1
a Фамилия Гусев-Оренбургский
b Имя С.
4 Код отношения Автор
4 Код отношения 070
702 Вторичная интеллектуальная ответственность _1
a Фамилия Касаткин
b Имя И.
4 Код отношения Автор
4 Код отношения 070
702 Вторичная интеллектуальная ответственность _1
a Фамилия Серафимович
b Имя А.
4 Код отношения Автор
4 Код отношения 070
702 Вторичная интеллектуальная ответственность _1
a Фамилия Куприн
b Имя А.
4 Код отношения Автор
4 Код отношения 070
702 Вторичная интеллектуальная ответственность _1
a Фамилия Скиталец
b Имя С. Г.
4 Код отношения Автор
4 Код отношения 070
702 Вторичная интеллектуальная ответственность _1
a Фамилия Телешов
b Имя Н.
4 Код отношения Автор
4 Код отношения 070
702 Вторичная интеллектуальная ответственность _1
a Фамилия Чириков
b Имя Е.
4 Код отношения Автор
4 Код отношения 070
801 Источник записи _0
a Страна RU
b Организация Муниципальное бюджетное учреждение культуры "Централизованная библиотечная система" г. Сургут (Центральная городская библиотека им. А. С. Пушкина)
g Правила каталогизации КиК/Елгина
801 Источник записи _1
a Страна RU
b Организация Муниципальное бюджетное учреждение культуры "Централизованная библиотечная система" г. Сургут (Центральная городская библиотека им. А. С. Пушкина)
g Правила каталогизации КиК/Елгина
852 Данные о местонахождении __
j Шифр хранения 84(2Рос=Рус)1-4
c Каталожный индекс 84(2Рос=Рус)1-4
i Авторский знак Р 89
p Инвентарный номер 17245
901 Тип документа __
t Тип документа x
969 Тип издания __
a Тип издания сборник
990 Данные о заказе (DOS) __
j Количество экземпляров (DOS) 4
t N записи в КСУ для И/У (DOS) ретро